000 00561nam a22001697a 4500
005 20251108165223.0
008 250721s1994 xx 000 0 ara d
082 1 4 _a612/شلش
100 1 _aشلش، صبحي عمران
245 1 0 _aالدراسات العملية في علم وظائف الأعضاء /
264 1 _aعمان :
_bمؤسسة المجلس العربي للعلوم و الطب و التكنولوجيا،
_c1994.
300 _a254ص
650 1 7 _aالفسيولوجيا
650 1 7 _aالتشريح
942 _2ddc
_cBK
999 _c22469
_d22469